Commercial property market outlook (Record no. 110892)

MARC details
000 -LEADER
fixed length control field 01421cad a22002295a 4500
001 - CONTROL NUMBER
control field L150485
008 - FIXED-LENGTH DATA ELEMENTS--GENERAL INFORMATION
fixed length control field 100719s2010 xxkad f s 000 0 eng d
035 ## - SYSTEM CONTROL NUMBER
System control number (Sirsi) u150485
041 0# - LANGUAGE CODE
Language code of text/sound track or separate title eng
050 04 - LIBRARY OF CONGRESS CALL NUMBER
Classification number 333.33 $2 18
110 2# - MAIN ENTRY--CORPORATE NAME
Corporate name or jurisdiction name as entry element Cluttons
9 (RLIN) 2064
245 00 - TITLE STATEMENT
Title Commercial property market outlook
Remainder of title July 2010
Medium [electronic resource]
260 ## - PUBLICATION, DISTRIBUTION, ETC.
Place of publication, distribution, etc. London
Name of publisher, distributor, etc. Cluttons
Date of publication, distribution, etc. 2010
490 #0 - SERIES STATEMENT
Series statement Cluttons Commercial Property Market Outlook
520 ## - SUMMARY, ETC.
Summary, etc. After the market correction finished in Q1 2010 values rose more slowly in Q2 2010 with yields stabilising in most markets. Reduced supply and rising occupier demand in the offfice sector are encouraging new Central London speculative development. New office building has slumped with the West End seeing the lowest level of construction activity since January 2003. Retail sales fell again in June with more tenants affected by cash flow pressures. About 13% of UK shops are vacant. CBI says manufacturing continues on the recovery path but industrial space on the market is plentiful, particularly large sheds in South Yorkshire.
590 ## - LOCAL NOTE (RLIN)
Local note KA
650 24 - SUBJECT ADDED ENTRY--TOPICAL TERM
Topical term or geographic name entry element CLUTTONS COMMERCIAL PROPERTY MARKET OUTLOOK
651 #4 - SUBJECT ADDED ENTRY--GEOGRAPHIC NAME
Geographic name United Kingdom
Chronological subdivision
690 ## - LOCAL SUBJECT ADDED ENTRY--TOPICAL TERM (OCLC, RLIN)
Topical term or geographic name as entry element PROPERTY-COMMERCIAL PROPERTY-COMMERCIAL PROPERTY MARKET
856 40 - ELECTRONIC LOCATION AND ACCESS
Uniform Resource Identifier <a href="https://www.cluttons.com/clientUpload/researchIssue/CPMO%20July%202010%20pp.pdf">https://www.cluttons.com/clientUpload/researchIssue/CPMO%20July%202010%20pp.pdf</a>
Public note View the report (PDF file) at www.cluttons.com
942 ## - ADDED ENTRY ELEMENTS (KOHA)
Suppress in OPAC 0
Holdings
Withdrawn status Lost status Source of classification or shelving scheme Damaged status Not for loan Home library Current library Shelving location Date acquired Total Checkouts Full call number Barcode Date last seen Copy number Price effective from Koha item type
    Dewey Decimal Classification     Virtual Virtual Online 19/07/2010   ONLINE PUBLICATION 150485-2001 06/08/2019 1 06/08/2019 Book